Úroková pasca

Saved in:
Bibliographic Details
Main Author: Pavelka, Ľuboš, 1962-
Format: Book Chapter
Language:Slovak
Subjects:
Tags: Add Tag
No Tags, Be the first to tag this record!

MARC

LEADER 00000naa a2200000 4500
001 0152759
005 20240502072724.1
041 0 |a slo 
044 |a SK 
245 1 0 |a Úroková pasca  |c Ľuboš Pavelka 
610 2 0 |a úrok 
610 2 0 |a bonifikácia úroková 
610 2 0 |a úspory obyvateľstva 
610 2 0 |a poplatky 
610 2 0 |a odvody 
610 2 0 |a zdaňovanie 
100 1 |a Pavelka, Ľuboš, 1962-